Elenco comuni italiani - lettera B - Statistics

Statistiche generali
  • Questo quiz è stato fatto 35 volte
  • Il punteggio medio è 61 su 575
Statistiche sulle risposte
Comune Provincia Regione Abitanti % Corretto
Bari (capoluogo di provincia) Puglia 317205
91%
Bee Verbano-Cusio-Ossola Piemonte 771
91%
Barletta (capoluogo di provincia) Puglia 92787
87%
Biella (capoluogo di provincia) Piemonte 42943
87%
Belluno (capoluogo di provincia) Veneto 35522
83%
Bergamo (capoluogo di provincia) Lombardia 119993
83%
Bologna (capoluogo di provincia) Emilia-Romagna 391686
83%
Bolzano (capoluogo di provincia) Trentino-Alto Adige 107467
83%
Bra Cuneo Piemonte 29568
83%
Brescia (capoluogo di provincia) Lombardia 197304
83%
Benevento (capoluogo di provincia) Campania 57500
78%
Bisceglie Barletta-Andria-Trani Puglia 53934
78%
Brindisi (capoluogo di provincia) Puglia 83690
78%
Bacoli Napoli Campania 25436
74%
Busto Arsizio Varese Lombardia 83045
74%
Bella Potenza Basilicata 4796
70%
Bollate Milano Lombardia 36239
70%
Bagheria Palermo Sicilia 53025
65%
Bassano del Grappa Vicenza Veneto 42527
65%
Bitonto Bari Puglia 53457
65%
Bracciano Roma Lazio 18560
61%
Bressanone Bolzano Trentino-Alto Adige 22698
61%
Brunico Bolzano Trentino-Alto Adige 16944
61%
Badia Bolzano Trentino-Alto Adige 3664
57%
Battipaglia Salerno Campania 49805
57%
Buccinasco Milano Lombardia 27015
57%
Busso Campobasso Molise 1163
57%
Bellaria-Igea Marina Rimini Emilia-Romagna 19458
52%
Bobbio Piacenza Emilia-Romagna 3487
52%
Bordighera Imperia Liguria 10160
52%
Brescello Reggio Emilia Emilia-Romagna 5675
52%
Budrio Bologna Emilia-Romagna 18368
52%
Bagno di Romagna Forlì-Cesena Emilia-Romagna 5621
48%
Busseto Parma Emilia-Romagna 6827
48%
Bussolengo Verona Veneto 20583
48%
Bagnacavallo Ravenna Emilia-Romagna 16402
43%
Bagnara Calabra Reggio Calabria Calabria 9534
43%
Barbara Ancona Marche 1281
43%
Bastia Umbra Perugia Umbria 21379
43%
Bellagio Como Lombardia 3611
43%
Bitetto Bari Puglia 11767
43%
Brembate Bergamo Lombardia 8482
43%
Bagni di Lucca Lucca Toscana 5629
39%
Barbarano Romano Viterbo Lazio 1004
39%
Barolo Cuneo Piemonte 682
39%
Bassano Romano Viterbo Lazio 4578
39%
Bentivoglio Bologna Emilia-Romagna 5801
39%
Bernalda Matera Basilicata 12050
39%
Bogliasco Genova Liguria 4365
39%
Bolsena Viterbo Lazio 3757
39%
Bronte Catania Sicilia 18327
39%
Badesi Gallura Nord-Est Sardegna Sardegna 1819
35%
Badia Polesine Rovigo Veneto 10053
35%
Bomarzo Viterbo Lazio 1684
35%
Borgosesia Vercelli Piemonte 12250
35%
Botricello Catanzaro Calabria 4995
35%
Brembate di Sopra Bergamo Lombardia 7862
35%
Baiano Avellino Campania 4517
30%
Brennero Bolzano Trentino-Alto Adige 2291
30%
Budoni Sassari Sardegna 5221
30%
Buscemi Siracusa Sicilia 978
30%
Baranzate Milano Lombardia 11866
26%
Barcellona Pozzo di Gotto Messina Sicilia 39945
26%
Bard Aosta Valle d'Aosta 112
26%
Bellano Lecco Lombardia 3418
26%
Blera Viterbo Lazio 3035
26%
Borghi Forlì-Cesena Emilia-Romagna 2878
26%
Bosa Oristano Sardegna 7533
26%
Bova Reggio Calabria Calabria 402
26%
Bagnolo Mella Brescia Lombardia 12554
22%
Bardolino Verona Veneto 7170
22%
Bardonecchia Torino Piemonte 3078
22%
Barrea L'Aquila Abruzzo 720
22%
Belpasso Catania Sicilia 27546
22%
Berceto Parma Emilia-Romagna 1988
22%
Bibbiano Reggio Emilia Emilia-Romagna 10140
22%
Borgomanero Novara Piemonte 21383
22%
Bormio Sondrio Lombardia 4074
22%
Brione Brescia Lombardia 747
22%
Brugherio Monza e della Brianza Lombardia 34811
22%
Badia Calavena Verona Veneto 2589
17%
Bagno a Ripoli Firenze Toscana 25323
17%
Bagnoregio Viterbo Lazio 3501
17%
Barga Lucca Toscana 9574
17%
Bettola Piacenza Emilia-Romagna 2612
17%
Bevagna Perugia Umbria 4833
17%
Biancavilla Catania Sicilia 22987
17%
Bibbiena Arezzo Toscana 11846
17%
Bivona Agrigento Sicilia 3298
17%
Bolognetta Palermo Sicilia 4042
17%
Borghetto Santo Spirito Savona Liguria 4552
17%
Borgo San Lorenzo Firenze Toscana 18207
17%
Bovolenta Padova Veneto 3491
17%
Braies Bolzano Trentino-Alto Adige 666
17%
Brenta Varese Lombardia 1741
17%
Brisighella Ravenna Emilia-Romagna 7244
17%
Buggerru Cagliari Sardegna 1040
17%
Busto Garolfo Milano Lombardia 13991
17%
Baceno Verbano-Cusio-Ossola Piemonte 886
13%
Bagnolo del Salento Lecce Puglia 1769
13%
Bagolino Brescia Lombardia 3746
13%
Balestrate Palermo Sicilia 6160
13%
Barano d'Ischia Napoli Campania 9845
13%
Barghe Brescia Lombardia 1143
13%
Bariano Bergamo Lombardia 4228
13%
Bassano Bresciano Brescia Lombardia 2326
13%
Battaglia Terme Padova Veneto 3805
13%
Belgirate Verbano-Cusio-Ossola Piemonte 493
13%
Bellosguardo Salerno Campania 734
13%
Benna Biella Piemonte 1134
13%
Bergeggi Savona Liguria 1077
13%
Berzo Demo Brescia Lombardia 1551
13%
Berzo Inferiore Brescia Lombardia 2440
13%
Besana in Brianza Monza e della Brianza Lombardia 15498
13%
Biassono Monza e della Brianza Lombardia 12188
13%
Bienno Brescia Lombardia 3760
13%
Binasco Milano Lombardia 7199
13%
Binetto Bari Puglia 2161
13%
Bitritto Bari Puglia 11197
13%
Bonate Sopra Bergamo Lombardia 10217
13%
Bonate Sotto Bergamo Lombardia 6613
13%
Bondeno Ferrara Emilia-Romagna 13905
13%
Bondone Trento Trentino-Alto Adige 639
13%
Borgetto Palermo Sicilia 7069
13%
Borgo San Dalmazzo Cuneo Piemonte 12439
13%
Borgo San Giacomo Brescia Lombardia 5334
13%
Borgo Val di Taro Parma Emilia-Romagna 6715
13%
Borgo Valsugana Trento Trentino-Alto Adige 6984
13%
Borno Brescia Lombardia 2519
13%
Bosco Chiesanuova Verona Veneto 3533
13%
Botticino Brescia Lombardia 10641
13%
Bovalino Reggio Calabria Calabria 8689
13%
Bova Marina Reggio Calabria Calabria 4156
13%
Bovino Foggia Puglia 3044
13%
Breno Brescia Lombardia 4694
13%
Brentino Belluno Verona Veneto 1334
13%
Brentonico Trento Trentino-Alto Adige 4021
13%
Brenzone sul Garda Verona Veneto 2486
13%
Briatico Vibo Valentia Calabria 3855
13%
Briga Alta Cuneo Piemonte 41
13%
Brolo Messina Sicilia 5742
13%
Broni Pavia Lombardia 9545
13%
Buccheri Siracusa Sicilia 1778
13%
Busalla Genova Liguria 5194
13%
Badia Pavese Pavia Lombardia 385
9%
Badolato Catanzaro Calabria 2827
9%
Bagnasco Cuneo Piemonte 995
9%
Bagnatica Bergamo Lombardia 4355
9%
Bagnolo Cremasco Cremona Lombardia 4900
9%
Baldissero Canavese Torino Piemonte 533
9%
Baldissero Torinese Torino Piemonte 3671
9%
Baone Padova Veneto 3059
9%
Barbarano Mossano Vicenza Veneto 6300
9%
Barbariga Brescia Lombardia 2300
9%
Barberino di Mugello Firenze Toscana 10870
9%
Barberino Tavarnelle Firenze Toscana 11953
9%
Barbona Padova Veneto 617
9%
Barcis Pordenone Friuli-Venezia Giulia 234
9%
Bardi Parma Emilia-Romagna 2044
9%
Bargagli Genova Liguria 2532
9%
Barge Cuneo Piemonte 7497
9%
Barile Potenza Basilicata 2664
9%
Barlassina Monza e della Brianza Lombardia 6912
9%
Baronissi Salerno Campania 16912
9%
Barrafranca Enna Sicilia 12063
9%
Baschi Terni Umbria 2657
9%
Baselga di Piné Trento Trentino-Alto Adige 5326
9%
Basiglio Milano Lombardia 7933
9%
Bassiano Latina Lazio 1439
9%
Baveno Verbano-Cusio-Ossola Piemonte 4820
9%
Bedizzole Brescia Lombardia 12314
9%
Beinasco Torino Piemonte 17532
9%
Belfiore Verona Veneto 3329
9%
Bellino Cuneo Piemonte 97
9%
Bellizzi Salerno Campania 13366
9%
Belvedere Marittimo Cosenza Calabria 9045
9%
Berbenno Bergamo Lombardia 2410
9%
Bergantino Rovigo Veneto 2453
9%
Berlingo Brescia Lombardia 2744
9%
Bertinoro Forlì-Cesena Emilia-Romagna 11016
9%
Besenzone Piacenza Emilia-Romagna 946
9%
Bevilacqua Verona Veneto 1763
9%
Biandrate Novara Piemonte 1328
9%
Bibbona Livorno Toscana 3185
9%
Binago Como Lombardia 4765
9%
Bione Brescia Lombardia 1313
9%
Bisaccia Avellino Campania 3604
9%
Bisacquino Palermo Sicilia 4203
9%
Bisignano Cosenza Calabria 9593
9%
Bistagno Alessandria Piemonte 1773
9%
Bleggio Superiore Trento Trentino-Alto Adige 1516
9%
Blufi Palermo Sicilia 919
9%
Boara Pisani Padova Veneto 2416
9%
Bocenago Trento Trentino-Alto Adige 396
9%
Bolzano Novarese Novara Piemonte 1157
9%
Bolzano Vicentino Vicenza Veneto 6514
9%
Bonavigo Verona Veneto 1987
9%
Borca di Cadore Belluno Veneto 839
9%
Bore Parma Emilia-Romagna 676
9%
Borgoricco Padova Veneto 8862
9%
Borgosatollo Brescia Lombardia 9130
9%
Borgo Veneto Padova Veneto 7045
9%
Borgo Vercelli Vercelli Piemonte 2228
9%
Borgo Virgilio Mantova Lombardia 14676
9%
Bormida Savona Liguria 357
9%
Borzonasca Genova Liguria 1848
9%
Boschi Sant'Anna Verona Veneto 1357
9%
Bosco Marengo Alessandria Piemonte 2265
9%
Boscotrecase Napoli Campania 9810
9%
Bosisio Parini Lecco Lombardia 3309
9%
Bovisio Masciago Monza e della Brianza Lombardia #N/A
9%
Bovolone Verona Veneto 16050
9%
Brancaleone Reggio Calabria Calabria 3314
9%
Brandico Brescia Lombardia 1707
9%
Braone Brescia Lombardia 686
9%
Breganze Vicenza Veneto 8439
9%
Brenna Como Lombardia 2165
9%
Bressanvido Vicenza Veneto 3204
9%
Bresso Milano Lombardia 26172
9%
Brienza Potenza Basilicata 3873
9%
Brusaporto Bergamo Lombardia 5580
9%
Bucciano Benevento Campania 2016
9%
Buccino Salerno Campania 4697
9%
Buonabitacolo Salerno Campania 2425
9%
Buonvicino Cosenza Calabria 2072
9%
Busca Cuneo Piemonte 10078
9%
Busnago Monza e della Brianza Lombardia 6752
9%
Butera Caltanissetta Sicilia 4234
9%
Buttapietra Verona Veneto 7103
9%
Badalucco Imperia Liguria 1059
4%
Badia Tedalda Arezzo Toscana 996
4%
Bagnara di Romagna Ravenna Emilia-Romagna 2414
4%
Bagnoli del Trigno Isernia Molise 665
4%
Bagnoli di Sopra Padova Veneto 3408
4%
Bagnoli Irpino Avellino Campania 3030
4%
Bagnolo di Po Rovigo Veneto 1195
4%
Bagnolo in Piano Reggio Emilia Emilia-Romagna 9628
4%
Bagnolo San Vito Mantova Lombardia 5817
4%
Bagnone Massa-Carrara Toscana 1735
4%
Baia e Latina Caserta Campania 2021
4%
Baldissero d'Alba Cuneo Piemonte 1049
4%
Balestrino Savona Liguria 534
4%
Ballabio Lecco Lombardia 4149
4%
Balvano Potenza Basilicata 1751
4%
Banzi Potenza Basilicata 1230
4%
Baragiano Potenza Basilicata 2536
4%
Baranello Campobasso Molise 2510
4%
Barbaresco Cuneo Piemonte 617
4%
Barbiano Bolzano Trentino-Alto Adige 1765
4%
Bareggio Milano Lombardia 17253
4%
Barengo Novara Piemonte 747
4%
Baricella Bologna Emilia-Romagna 7074
4%
Bari Sardo Ogliastra Sardegna 3848
4%
Barone Canavese Torino Piemonte 559
4%
Barumini Medio Campidano Sardegna 1200
4%
Barzago Lecco Lombardia 2373
4%
Basciano Teramo Abruzzo 2345
4%
Baselice Benevento Campania 2135
4%
Basiano Milano Lombardia 3665
4%
Bassignana Alessandria Piemonte 1575
4%
Bastida Pancarana Pavia Lombardia 957
4%
Bastiglia Modena Emilia-Romagna 4134
4%
Baucina Palermo Sicilia 1842
4%
Baunei Ogliastra Sardegna 3469
4%
Bedollo Trento Trentino-Alto Adige 1470
4%
Bedonia Parma Emilia-Romagna 3200
4%
Belcastro Catanzaro Calabria 1227
4%
Belforte all'Isauro Pesaro e Urbino Marche 750
4%
Belforte del Chienti Macerata Marche 1827
4%
Belforte Monferrato Alessandria Piemonte 502
4%
Belgioioso Pavia Lombardia 6165
4%
Bellinzago Lombardo Milano Lombardia 3797
4%
Bellinzago Novarese Novara Piemonte 9455
4%
Bellona Caserta Campania 5958
4%
Belmonte Calabro Cosenza Calabria 1772
4%
Belmonte del Sannio Isernia Molise 675
4%
Belmonte Mezzagno Palermo Sicilia 10905
4%
Belmonte Piceno Fermo Marche 600
4%
Belsito Cosenza Calabria 900
4%
Belvedere di Spinello Crotone Calabria 1974
4%
Bene Lario Como Lombardia 321
4%
Berbenno di Valtellina Sondrio Lombardia 4045
4%
Bernate Ticino Milano Lombardia 3018
4%
Besano Varese Lombardia 2531
4%
Besate Milano Lombardia 2045
4%
Besenello Trento Trentino-Alto Adige 2746
4%
Bianco Reggio Calabria Calabria 4158
4%
Biandronno Varese Lombardia 3210
4%
Bieno Trento Trentino-Alto Adige 446
4%
Bionaz Aosta Valle d'Aosta 218
4%
Bitti Nuoro Sardegna 2661
4%
Bivongi Reggio Calabria Calabria 1216
4%
Blevio Como Lombardia 1143
4%
Bolano Spezia Liguria 7444
4%
Bolgare Bergamo Lombardia 6433
4%
Bolognano Pescara Abruzzo 1041
4%
Bolognola Macerata Marche 153
4%
Bomba Chieti Abruzzo 755
4%
Bompensiere Caltanissetta Sicilia 522
4%
Bomporto Modena Emilia-Romagna 10142
4%
Bonea Benevento Campania 1349
4%
Bonefro Campobasso Molise 1236
4%
Bonito Avellino Campania 2238
4%
Borbona Rieti Lazio 589
4%
Bordolano Cremona Lombardia 570
4%
Boretto Reggio Emilia Emilia-Romagna 5311
4%
Borgaro Torinese Torino Piemonte 11773
4%
Borghetto di Vara Spezia Liguria 886
4%
Borghetto Lodigiano Lodi Lombardia 4311
4%
Borgia Catanzaro Calabria 7275
4%
Borgio Verezzi Savona Liguria 2084
4%
Borgo Chiese Trento Trentino-Alto Adige 1963
4%
Borgo d'Anaunia Trento Trentino-Alto Adige 2487
4%
Borgo Lares Trento Trentino-Alto Adige 707
4%
Borgo Mantovano Mantova Lombardia 5416
4%
Borgomaro Imperia Liguria 822
4%
Borgomasino Torino Piemonte 772
4%
Borgone Susa Torino Piemonte 2187
4%
Borgonovo Val Tidone Piacenza Emilia-Romagna 7989
4%
Borgo Pace Pesaro e Urbino Marche 540
4%
Borgo San Giovanni Lodi Lombardia 2416
4%
Borgo Ticino Novara Piemonte 5159
4%
Borgo Valbelluna Belluno Veneto 13488
4%
Borso del Grappa Treviso Veneto 5909
4%
Bosaro Rovigo Veneto 1453
4%
Boscoreale Napoli Campania 26309
4%
Bossico Bergamo Lombardia 990
4%
Botrugno Lecce Puglia 2670
4%
Bottanuco Bergamo Lombardia 5014
4%
Bovegno Brescia Lombardia 2040
4%
Boves Cuneo Piemonte 9636
4%
Bovezzo Brescia Lombardia 7402
4%
Bozzole Alessandria Piemonte 320
4%
Bozzolo Mantova Lombardia 4060
4%
Bracca Bergamo Lombardia 724
4%
Brallo di Pregola Pavia Lombardia 524
4%
Brandizzo Torino Piemonte 8798
4%
Branzi Bergamo Lombardia 677
4%
Breda di Piave Treviso Veneto 7665
4%
Brendola Vicenza Veneto 6607
4%
Bresimo Trento Trentino-Alto Adige 250
4%
Brezzo di Bedero Varese Lombardia 1244
4%
Briga Novarese Novara Piemonte 2801
4%
Briosco Monza e della Brianza Lombardia 6051
4%
Brissogne Aosta Valle d'Aosta 942
4%
Brogliano Vicenza Veneto 3987
4%
Bronzolo Bolzano Trentino-Alto Adige 2765
4%
Brugine Padova Veneto 7154
4%
Brunate Como Lombardia 1664
4%
Brunello Varese Lombardia 943
4%
Bruno Asti Piemonte 297
4%
Brusciano Napoli Campania 15715
4%
Brusson Aosta Valle d'Aosta 863
4%
Buggiano Pistoia Toscana 8768
4%
Bulgarograsso Como Lombardia 4026
4%
Buonalbergo Benevento Campania 1583
4%
Buonconvento Siena Toscana 3058
4%
Burgio Agrigento Sicilia 2532
4%
Buseto Palizzolo Trapani Sicilia 2799
4%
Bussero Milano Lombardia 8380
4%
Bussoleno Torino Piemonte 5703
4%
Buttigliera Alta Torino Piemonte 6292
4%
Buttigliera d'Asti Asti Piemonte 2517
4%
Buttrio Udine Friuli-Venezia Giulia 3884
4%
Bagaladi Reggio Calabria Calabria 956
0%
Bagnaria Pavia Lombardia 633
0%
Bagnaria Arsa Udine Friuli-Venezia Giulia 3452
0%
Bagnolo Piemonte Cuneo Piemonte 5838
0%
Bairo Torino Piemonte 787
0%
Baiso Reggio Emilia Emilia-Romagna 3209
0%
Bajardo Imperia Liguria 321
0%
Balangero Torino Piemonte 3064
0%
Baldichieri d'Asti Asti Piemonte 1088
0%
Ballao Cagliari Sardegna 740
0%
Balme Torino Piemonte 110
0%
Balmuccia Vercelli Piemonte 117
0%
Balocco Vercelli Piemonte 220
0%
Balsorano L'Aquila Abruzzo 3297
0%
Balzola Alessandria Piemonte 1311
0%
Banari Sassari Sardegna 539
0%
Banchette Torino Piemonte 3112
0%
Bannio Anzino Verbano-Cusio-Ossola Piemonte 471
0%
Baradili Oristano Sardegna 80
0%
Barasso Varese Lombardia 1657
0%
Baratili San Pietro Oristano Sardegna 1219
0%
Barbania Torino Piemonte 1585
0%
Barbata Bergamo Lombardia 688
0%
Barbianello Pavia Lombardia 867
0%
Bardello con Malgesso e Bregano Varese Lombardia 3634
0%
Bardineto Savona Liguria 758
0%
Baressa Oristano Sardegna 576
0%
Barete L'Aquila Abruzzo 623
0%
Barisciano L'Aquila Abruzzo 1678
0%
Barni Como Lombardia 563
0%
Barrali Cagliari Sardegna 1109
0%
Barzana Bergamo Lombardia 2013
0%
Barzanò Lecco Lombardia 5010
0%
Barzio Lecco Lombardia 1280
0%
Basaluzzo Alessandria Piemonte 2015
0%
Bascapè Pavia Lombardia 1777
0%
Basicò Messina Sicilia 563
0%
Basiliano Udine Friuli-Venezia Giulia 5238
0%
Bassano in Teverina Viterbo Lazio 1251
0%
Bastia Mondovì Cuneo Piemonte 639
0%
Battifollo Cuneo Piemonte 209
0%
Battuda Pavia Lombardia 692
0%
Bauladu Oristano Sardegna 654
0%
Bedero Valcuvia Varese Lombardia 667
0%
Bedulita Bergamo Lombardia 703
0%
Beinette Cuneo Piemonte 3426
0%
Bellante Teramo Abruzzo 6852
0%
Bellegra Roma Lazio 2727
0%
Bellusco Monza e della Brianza Lombardia 7366
0%
Belmonte Castello Frosinone Lazio 692
0%
Belmonte in Sabina Rieti Lazio 637
0%
Belvedere Langhe Cuneo Piemonte 338
0%
Belvedere Ostrense Ancona Marche 2133
0%
Belveglio Asti Piemonte 312
0%
Belvì Nuoro Sardegna 579
0%
Bema Sondrio Lombardia 119
0%
Benestare Reggio Calabria Calabria 2469
0%
Benetutti Sassari Sardegna 1736
0%
Bene Vagienna Cuneo Piemonte 3634
0%
Benevello Cuneo Piemonte 483
0%
Berchidda Gallura Nord-Est Sardegna Sardegna 2636
0%
Beregazzo con Figliaro Como Lombardia 2787
0%
Bereguardo Pavia Lombardia 2844
0%
Bergamasco Alessandria Piemonte 709
0%
Bergolo Cuneo Piemonte 54
0%
Bernareggio Monza e della Brianza Lombardia 11321
0%
Bernezzo Cuneo Piemonte 4207
0%
Bertiolo Udine Friuli-Venezia Giulia 2391
0%
Bertonico Lodi Lombardia 1069
0%
Berzano di San Pietro Asti Piemonte 407
0%
Berzano di Tortona Alessandria Piemonte 158
0%
Berzo San Fermo Bergamo Lombardia 1390
0%
Besnate Varese Lombardia 5475
0%
Besozzo Varese Lombardia 8793
0%
Bessude Sassari Sardegna 398
0%
Bettona Perugia Umbria 4297
0%
Beura-Cardezza Verbano-Cusio-Ossola Piemonte 1430
0%
Beverino Spezia Liguria 2267
0%
Bianchi Cosenza Calabria 1218
0%
Bianzano Bergamo Lombardia 587
0%
Bianzè Vercelli Piemonte 1848
0%
Bianzone Sondrio Lombardia 1273
0%
Bibiana Torino Piemonte 3392
0%
Biccari Foggia Puglia 2634
0%
Bicinicco Udine Friuli-Venezia Giulia 1797
0%
Bidonì Oristano Sardegna 134
0%
Bientina Pisa Toscana 8544
0%
Bioglio Biella Piemonte 894
0%
Birori Nuoro Sardegna 508
0%
Bisegna L'Aquila Abruzzo 208
0%
Bisenti Teramo Abruzzo 1707
0%
Bisuschio Varese Lombardia 4293
0%
Bizzarone Como Lombardia 1728
0%
Blello Bergamo Lombardia 75
0%
Blessagno Como Lombardia 287
0%
Bobbio Pellice Torino Piemonte 537
0%
Boca Novara Piemonte 1129
0%
Bocchigliero Cosenza Calabria 1117
0%
Boccioleto Vercelli Piemonte 160
0%
Bodio Lomnago Varese Lombardia 2212
0%
Boffalora d'Adda Lodi Lombardia 1734
0%
Boffalora sopra Ticino Milano Lombardia 4073
0%
Bognanco Verbano-Cusio-Ossola Piemonte 186
0%
Bogogno Novara Piemonte 1293
0%
Boissano Savona Liguria 2472
0%
Bojano Campobasso Molise 7569
0%
Bollengo Torino Piemonte 2097
0%
Bolotana Nuoro Sardegna 2456
0%
Boltiere Bergamo Lombardia 6223
0%
Bompietro Palermo Sicilia 1250
0%
Bonarcado Oristano Sardegna 1519
0%
Bonassola Spezia Liguria 822
0%
Bonemerse Cremona Lombardia 1457
0%
Bonifati Cosenza Calabria 2611
0%
Bonnanaro Sassari Sardegna 952
0%
Bono Sassari Sardegna 3369
0%
Bonorva Sassari Sardegna 3233
0%
Bonvicino Cuneo Piemonte 96
0%
Bordano Udine Friuli-Venezia Giulia 713
0%
Borgarello Pavia Lombardia 2613
0%
Borghetto d'Arroscia Imperia Liguria 403
0%
Borghetto di Borbera Alessandria Piemonte 1914
0%
Borgiallo Torino Piemonte 592
0%
Borgo a Mozzano Lucca Toscana 6719
0%
Borgocarbonara Mantova Lombardia 1912
0%
Borgo d'Ale Vercelli Piemonte 2260
0%
Borgo di Terzo Bergamo Lombardia 1159
0%
Borgofranco d'Ivrea Torino Piemonte 3590
0%
Borgolavezzaro Novara Piemonte 1967
0%
Borgomale Cuneo Piemonte 385
0%
Borgomezzavalle Verbano-Cusio-Ossola Piemonte 306
0%
Borgo Priolo Pavia Lombardia 1325
0%
Borgoratto Alessandrino Alessandria Piemonte 549
0%
Borgoratto Mormorolo Pavia Lombardia 409
0%
Borgorose Rieti Lazio 4260
0%
Borgo San Martino Alessandria Piemonte 1375
0%
Borgo San Siro Pavia Lombardia 926
0%
Borgo Tossignano Bologna Emilia-Romagna 3228
0%
Borgo Velino Rieti Lazio 934
0%
Bornasco Pavia Lombardia 2647
0%
Boroneddu Oristano Sardegna 159
0%
Borore Nuoro Sardegna 1989
0%
Borrello Chieti Abruzzo 313
0%
Borriana Biella Piemonte 872
0%
Bortigali Nuoro Sardegna 1251
0%
Bortigiadas Gallura Nord-Est Sardegna Sardegna 737
0%
Borutta Sassari Sardegna 262
0%
Bosconero Torino Piemonte 3074
0%
Bosia Cuneo Piemonte 174
0%
Bosio Alessandria Piemonte 1082
0%
Bosnasco Pavia Lombardia 614
0%
Bossolasco Cuneo Piemonte 642
0%
Bottidda Sassari Sardegna 660
0%
Boville Ernica Frosinone Lazio 8425
0%
Bracigliano Salerno Campania 5327
0%
Brebbia Varese Lombardia 3194
0%
Bregnano Como Lombardia 6439
0%
Brembio Lodi Lombardia 2665
0%
Breme Pavia Lombardia 708
0%
Bressana Bottarone Pavia Lombardia 3434
0%
Briaglia Cuneo Piemonte 298
0%
Bricherasio Torino Piemonte 4564
0%
Brienno Como Lombardia 335
0%
Brignano Frascata Alessandria Piemonte 420
0%
Brignano Gera d'Adda Bergamo Lombardia 6053
0%
Brindisi Montagna Potenza Basilicata 840
0%
Brinzio Varese Lombardia 790
0%
Briona Novara Piemonte 1087
0%
Brissago-Valtravaglia Varese Lombardia 1227
0%
Brittoli Pescara Abruzzo 264
0%
Brivio Lecco Lombardia 4466
0%
Broccostella Frosinone Lazio 2688
0%
Brognaturo Vibo Valentia Calabria 630
0%
Brondello Cuneo Piemonte 263
0%
Brossasco Cuneo Piemonte 1009
0%
Brosso Torino Piemonte 402
0%
Brovello-Carpugnino Verbano-Cusio-Ossola Piemonte 751
0%
Brozolo Torino Piemonte 449
0%
Brugnato Spezia Liguria 1285
0%
Brugnera Pordenone Friuli-Venezia Giulia 9258
0%
Bruino Torino Piemonte 8475
0%
Brumano Bergamo Lombardia 114
0%
Brusasco Torino Piemonte 1482
0%
Brusimpiano Varese Lombardia 1170
0%
Brusnengo Biella Piemonte 1958
0%
Bruzolo Torino Piemonte 1487
0%
Bruzzano Zeffirio Reggio Calabria Calabria 1054
0%
Bubbiano Milano Lombardia 2438
0%
Bubbio Asti Piemonte 818
0%
Bucchianico Chieti Abruzzo 5002
0%
Bucine Arezzo Toscana 9947
0%
Buddusò Gallura Nord-Est Sardegna Sardegna 3666
0%
Budoia Pordenone Friuli-Venezia Giulia 2505
0%
Buglio in Monte Sondrio Lombardia 1961
0%
Bugnara L'Aquila Abruzzo 1058
0%
Buguggiate Varese Lombardia 3078
0%
Buja Udine Friuli-Venezia Giulia 6364
0%
Bulciago Lecco Lombardia 2895
0%
Bultei Sassari Sardegna 854
0%
Bulzi Sassari Sardegna 475
0%
Burago di Molgora Monza e della Brianza Lombardia 4283
0%
Burcei Cagliari Sardegna 2663
0%
Burgos Sassari Sardegna 859
0%
Buriasco Torino Piemonte 1329
0%
Burolo Torino Piemonte 1134
0%
Buronzo Vercelli Piemonte 837
0%
Busachi Oristano Sardegna 1191
0%
Busano Torino Piemonte 1622
0%
Buscate Milano Lombardia 4553
0%
Bussi sul Tirino Pescara Abruzzo 2317
0%
Buti Pisa Toscana 5538
0%
Nessun quiz corrispondente trovato
Distribuzione punteggi
Percentuale di utenti per punteggio
Percentile per numero di risposta
I tuoi punteggi nel tempo
Non hai fatto questo quiz